How well do you know about Sri lanka - Statistics

General Stats
  • This quiz has been taken 505 times
  • The average score is 7 of 10
Answer Stats
Description Answer % Correct
The economical capital Colombo
98%
Most populous city Colombo
98%
The famous City where the Buddha's tooth relic is being placed Kandy
76%
The mother language Sinhala
76%
An ancient fortress was built on the top of this rock Sigiriya
64%
World's first lady _____ ________ is from Sri lanka Prime minister
58%
Had a war with this terrorist group for more than 30 years LTTE
56%
National sport Volley ball
53%
The city where the Famous 'Sri maha bodhi' is placed Anuradhapura
48%
Where there is a natural harbor Trincomalee
40%
No matching quizzes found
Score Distribution
Percent of People with Each Score
Percentile by Number Answered
Your Score History
You have not taken this quiz